Materials development in language teaching
Αποθηκεύτηκε σε:
| Άλλοι συγγραφείς: | |
|---|---|
| Μορφή: | Βιβλίο |
| Γλώσσα: | English |
| Δημοσίευση: |
Cambridge :
Cambridge University Press,
1998
|
| Σειρά: | Cambridge language teaching library
|
| Θέματα: | |
| Ετικέτες: |
Προσθήκη ετικέτας
Δεν υπάρχουν, Καταχωρήστε ετικέτα πρώτοι!
|
MARC
| LEADER | 00000nam a2200000 i 4500 | ||
|---|---|---|---|
| 001 | 1/64343 | ||
| 008 | 980805s1998 eng d | ||
| 020 | |a 0521574196 | ||
| 035 | |l 10029410 | ||
| 040 | |a GR-MY-UA |b gre |e aacr | ||
| 041 | 0 | |a eng | |
| 082 | 0 | |a 418.007 | |
| 245 | 1 | 0 | |a Materials development in language teaching / |c edited by: Brian Tomlinson |
| 260 | |a Cambridge : |b Cambridge University Press, |c 1998 | ||
| 300 | |a xiv, 368 p. | ||
| 490 | 1 | |a Cambridge language teaching library | |
| 504 | |a Includes bibliography and index | ||
| 650 | 0 | 0 | |a Language and languages |x Study and teaching. |
| 650 | 0 | 0 | |a Teaching |x Aids and devices. |
| 700 | 1 | |a Tomlinson, Brian. |4 edt | |
| 830 | 0 | |a Cambridge language teaching library | |
| 852 | |a INST |b CHIOS |e 19980805 |h 418.007 MAT |p 005200015906 |q 005200015906 |t BK |y 0 | ||
| 901 | |a BIBL-1998-2 | ||
| 909 | |a Χ |b 058241 | ||
| 922 | |a 2ΕΛΗ |b 199806 |c ΤΔΕ |d ΠΑΠΑΣΩΤΗΡΙΟΥ | ||